Estudio y Comprensión de la Naturaleza 7: texto para el profesor
Guardat en:
| Autors principals: | , , |
|---|---|
| Format: | Llibre |
| Idioma: | espanyol |
| Publicat: |
Santiago
Arrayán
2001
|
| Col·lecció: | Sector Ciencia
|
| Matèries: | |
| Etiquetes: |
Afegir etiqueta
Sense etiquetes, Sigues el primer a etiquetar aquest registre!
|
MARC
| LEADER | 00000nam a2200000 a 4500 | ||
|---|---|---|---|
| 001 | UCI5902 | ||
| 003 | CL-VaPUC | ||
| 008 | 080411e20010000CL |||||||||||||||||spa|d | ||
| 020 | |a 9562402894 | ||
| 082 | 0 | 4 | |a 372.357 |b NUÑ |2 21 |
| 100 | |a Núñez Jiménez, Sergio |e autor |9 547424 | ||
| 700 | 0 | |a Vásquez Aguilera, Manuel |e author |9 528546 | |
| 700 | 0 | |a Farías Carrasco, Fresia |e author |9 528547 | |
| 245 | 1 | 0 | |a Estudio y Comprensión de la Naturaleza 7: texto para el profesor |
| 300 | |a 191 p | ||
| 942 | |c BK | ||
| 945 | |d 20080411 00:00:00 |a jtorresc | ||
| 260 | |a Santiago |b Arrayán |c 2001 | ||
| 650 | 0 | |a Enseñanza de las ciencias |9 331919 | |
| 650 | 0 | |a Ciencias naturales |9 260542 | |
| 650 | 0 | |a Educación básica |9 224933 | |
| 650 | 0 | |a Educación científica |9 307484 | |
| 650 | 0 | |a Métodos de enseñanza |9 270413 | |
| 650 | 0 | |a Medio ambiente |9 257625 | |
| 583 | |a last modification |c 20160617 12:04:54 |k Rodrigo Vera | ||
| 490 | 0 | |a Sector Ciencia | |
| 999 | |c 329544 |d 329542 | ||